000 00266nam a2200109Ia 4500
008 200302s9999 xx 000 0 und d
100 _aChristopher Alexander
245 _aA Pattern Language
260 _bOxford University Press
260 _c1977
300 _a1171 P.,
999 _c5510
_d5510